000 00568cam a22001814a 4500
020 _a0471960446
040 _cDLC
082 0 0 _a621 JON 1997 A048 Or.
100 1 _aWalker, John F.
245 1 0 _aWind energy technology /
260 _ahichester, [England] ;
_aNew York :
_bJohn Wiley,
_c1997.
300 _axiv, 161 p. :
_bill. ;
_c25 cm.
650 0 _aWind power.
700 1 _aJenkins, Nicholas.
856 4 2 _uhttp://www.loc.gov/catdir/enhancements/fy0607/96040504-d.html
856 4 1 _uhttp://www.loc.gov/catdir/enhancements/fy0607/96040504-t.html
942 _cEK
999 _c13789
_d13789